| 000 | 00828cam a2200241 4500 | ||
|---|---|---|---|
| 001 | 7355 | ||
| 005 | 20181127183448.0 | ||
| 008 | 030110s2000 at f 001 0 eng d | ||
| 010 | _a 2003386254 | ||
| 020 | _a0455217696 (v. 1) | ||
| 020 | _a045521770X (v. 2) | ||
| 082 | 0 | 0 |
_a658.4 _222 |
| 100 | 1 | _aRenton, N. E. | |
| 245 | 1 | 0 |
_aGuide for meetings and organisations : _bVol. 1 : guide for voluntary associations / _cN E Renton ; with a foreword by Ian O Spicer. |
| 250 | _a7th ed. | ||
| 260 |
_aPyrmont, N.S.W. : _bLBC Information Services, _c2000. |
||
| 300 |
_a2 v. ; _c22 cm. |
||
| 500 | _aIncludes index. | ||
| 505 | 0 | _av. 1. Guide for voluntary associations -- v. 2. Guide for meetings. | |
| 650 | 0 |
_aMeetings _vHandbooks, manuals, etc. |
|
| 650 | 0 | _aParliamentary practice. | |
| 999 |
_c6275 _d6275 |
||